000 00391nam a2200145 i 4500
001 56508
003 ES-MaACL
005 20230906163403.0
007 t|
008 031009s1767 fr ||||1| fre d
245 0 0 _aDictionnaire historique des auteurs ecclesiastiques.
260 _aLyon :
_bBessiat,
_c1767.
300 _a4 v. ;
_c18 cm.
852 _aES-MaACL
_jR-424-27
_x Olim: D: 419-22
999 _c56508
_d56508